| 000 | 00735nam a22002297a 4500 | ||
|---|---|---|---|
| 999 |
_c3970 _d3970 |
||
| 001 | 4044 | ||
| 003 | BD-DhUAP | ||
| 005 | 20200315174012.0 | ||
| 008 | 200315r19981996nyua|||| |||| 00| 0 eng d | ||
| 020 | _a0194702235 | ||
| 020 | _a0194357279 | ||
| 040 |
_aBD-DhUAP _bEng _cBD-DhUAP _dBD-DhUAP |
||
| 082 |
_223 _a428.24 SOA |
||
| 100 | _aSoars, John. | ||
| 245 |
_aNew headway : _bEnglish course : intermediate student's book / _cJohn Soars and Liz Soars. |
||
| 260 |
_aOxford : _bOxford University Press, _cc1996 [Impression 1998]. |
||
| 300 |
_a159 pages : _billustrations ; _c28 cm. |
||
| 650 | _aEnglish language. | ||
| 650 |
_2English language _vStudy and teaching _xForeign speakers. |
||
| 700 | _aSoars, Liz. | ||
| 942 |
_2ddc _cBK |
||